01107nam a2200277Ia 4500001002200000003000900022008004100031040002300072041001300095100002600108240008000134245002900214250001100243260002800254300001900282490004200301500001700343501012400360520003900484700003500523700002500558942000700583957000600590999004100596952019200637973-THI fr st (19062)IT-MiSPE171229s9999||||xx |||||||||||||| ||und|| aIT-MiSPEcIT-MiSPE aITALIANO aFrank Thistlethwaite  aThr great experiment: An introduction to the history of the american people 0aStoria degli Stati Uniti a2a ed. aBolognabCappellic1967 a327 p. c19 cm aUniversale: Storia e politicav 34-35 aUSA - Storia aEdizioni San Paolo srl - Piazza Soncino, 5 - 20092 CINISELLO BALSAMO (MI) (non commercial uses only) ® Copyright 2018 aVittorio De Capraris (intr.). Tav. aG. Capasso Torreg(traduzione) aVittorio De Capraris cBK 71 a5468bNOg Copie: 1 c357703d357703 0010406973THI_FR_ST_1906271aCINISELLObCINISELLOd2017-12-30l0o973-THI fr st (19062)r2017-12-30 00:00:00w2017-12-30yBKz(data import: 20 dicembre 2017) - By Epidotti, Vaglietti.